|
|
|
|
| LEADER |
00000cam a2200000 7i4500 |
| 001 |
0000151546 |
| 005 |
20250922112952.0 |
| 020 |
|
|
|a 9789868657519
|
| 090 |
0 |
0 |
|a FMC
|b ZHA
|
| 100 |
0 |
|
|a Zhang Xiao Xian
|
| 245 |
1 |
0 |
|a Yan xuan ai mu ce = Selected envy
|c Zhang Xiao Xian
|
| 260 |
|
|
|a Taipei :
|b Motif Press ,
|c 2010
|
| 300 |
|
|
|a 335p. ;
|c 21cm.
|
| 650 |
0 |
0 |
|a Chinese fiction
|
| 650 |
0 |
0 |
|a Chinese language
|
| 999 |
|
|
|a 00250421
|b BUKU
|c FICTION MANDARIN COLLECTION
|e PERPUSTAKAAN KOMUNITI PETALING JAYA
|
| 999 |
|
|
|a 00250422
|b BUKU
|c FICTION MANDARIN COLLECTION
|e PERPUSTAKAAN KOMUNITI PETALING JAYA
|